| 000 | 00379nam a2200145Ia 4500 | ||
|---|---|---|---|
| 008 | 230917s9999||||xx |||||||||||||| ||und|| | ||
| 040 |
_e50190 _aMAIN |
||
| 041 | _aEnglish | ||
| 082 | _a294.1 D33I | ||
| 100 | _aDayananda, Saraswati | ||
| 245 | 3 | _aAn introduction to the commentary on the vedas | |
| 260 |
_aNew Delhi _bJan Gyan _c1973 |
||
| 300 | _axiii, 214 p. | ||
| 942 | _cBK | ||
| 999 |
_c209674 _d209674 |
||